000
00250nam a22001217a 4500
082
_a
894.812.3
_b
KUM/N
100
_a
KUMAR, M S
245
_a
NAGARAKKILY
260
_a
THRISSUR
_b
SAMATHA
_c
2015
300
_a
104
650
_a
STORY
_z
KERALA
942
_c
BK
999
_c
1611
_d
1611